[Event "World Open"]
[Site "Philadelphia"]
[Date "2011.07.03"]
[Round "7"]
[White "Ly, Mouthun"]
[Black "Korley, Kassa"]
[Result "1-0"]
[WhiteElo "2375"]
[BlackElo "2292"]
[PlyCount "55"]
[EventDate "2011.06.??"]
[EventType "swiss"]
[EventRounds "9"]
[EventCountry "USA"]
[Source "MonRoi"]

1. e4 c6 2. d4 d5 3. e5 Bf5 4. Nf3 e6 5. Be2 Ne7 6. O-O Nd7 7. Nh4 Bg6 8. c3 c5
9. Nxg6 hxg6 10. Nd2 Nc6 11. Nf3 Be7 12. a3 a6 13. Be3 c4 14. Nd2 b5 15. f4 Qb6
16. b3 cxb3 17. Nxb3 Rb8 18. g4 g5 19. Kg2 gxf4 20. Bxf4 Qb7 21. Bd3 Nb6 22.
Qf3 Na4 23. Bd2 Bd8 24. Bc2 Rc8 25. g5 g6 26. Rf2 Rh7 27. Bxg6 fxg6 28. Qf8+
1-0

[Event "World Open"]
[Site "Philadelphia"]
[Date "2011.07.03"]
[Round "7"]
[White "Plotkin, Victor"]
[Black "Sharevich, Anna"]
[Result "1-0"]
[WhiteElo "2243"]
[BlackElo "2344"]
[PlyCount "81"]
[EventDate "2011.06.??"]
[EventType "swiss"]
[EventRounds "9"]
[EventCountry "USA"]
[Source "MonRoi"]

1. e4 c5 2. c3 Nf6 3. e5 Nd5 4. d4 cxd4 5. Nf3 Nc6 6. Bc4 e6 7. cxd4 d6 8. O-O
Be7 9. Nbd2 dxe5 10. dxe5 Nb6 11. Bb3 Qc7 12. Qe2 Bd7 13. Ne4 a5 14. Bf4 a4 15.
Nd6+ Kf8 16. Bc2 Nd5 17. Bg3 h5 18. h4 Qb6 19. Be4 Ncb4 20. Rfd1 Bc6 21. Ng5
Bxg5 22. hxg5 h4 23. Qf3 Qc7 24. Bh2 Kg8 25. Qg4 g6 26. a3 Na6 27. Bxg6 fxg6
28. Qxe6+ Kh7 29. Rxd5 Bxd5 30. Qxd5 Qe7 31. Rc1 b6 32. Rc4 Nc5 33. Rxh4+ Kg7
34. Rxh8 Rxh8 35. Bf4 Ne6 36. Be3 Rh5 37. f4 Kh7 38. Ne4 Kg7 39. Nd6 Kh7 40.
Ne4 Kg7 41. Ng3 1-0

[Event "World Open"]
[Site "Philadelphia"]
[Date "2011.07.03"]
[Round "7"]
[White "Thavandiran, Shiyam"]
[Black "Thaler, Michael"]
[Result "1-0"]
[WhiteElo "2335"]
[BlackElo "2244"]
[PlyCount "158"]
[EventDate "2011.06.??"]
[EventType "swiss"]
[EventRounds "9"]
[EventCountry "USA"]
[Source "MonRoi"]

1. e4 c5 2. Nf3 e6 3. d4 cxd4 4. Nxd4 a6 5. Bd3 Nf6 6. c4 d6 7. Nc3 g6 8. O-O
Bg7 9. h3 O-O 10. Be3 b6 11. Qd2 Bb7 12. Bh6 Bxh6 13. Qxh6 Nbd7 14. Qe3 Qc7 15.
Rac1 Rfe8 16. b3 Rad8 17. Bb1 Qb8 18. f4 Kg7 19. Rcd1 Qc7 20. Rfe1 e5 21. Nf3
exf4 22. Qxf4 Ne5 23. Nxe5 Qc5+ 24. Qf2 Qxf2+ 25. Kxf2 Rxe5 26. Rd4 Bc6 27.
Red1 Re6 28. b4 Rde8 29. Rxd6 Nxe4+ 30. Bxe4 Bxe4 31. R1d4 Bc6 32. b5 axb5 33.
cxb5 Ba8 34. Rxe6 Rxe6 35. Ra4 Re8 36. Ra6 Rc8 37. Na4 Rc2+ 38. Ke3 Bb7 39. Ra7
Bd5 40. Nxb6 Bxa2 41. Nd7 Be6 42. b6 Rb2 43. b7 Bxd7 44. b8=Q Rxb8 45. Rxd7 Rb4
46. Kf3 h5 47. Rd2 h4 48. Ra2 g5 49. Ra6 Rf4+ 50. Ke3 Rf6 51. Ra5 Kg6 52. Rb5
Rf5 53. Rb6+ Kh5 54. Rb8 Kg6 55. Rb6+ Rf6 56. Rb5 Ra6 57. Kf3 f5 58. Rb4 Kh5
59. Rb5 Kg6 60. Rb4 Kf6 61. Kf2 Ra5 62. Rc4 Ke5 63. Rb4 Ra2+ 64. Kf3 Rd2 65.
Rb5+ Rd5 66. Rb3 Kd4 67. Rb8 Kd3 68. Rg8 f4 69. Kg4 Rd4 70. Rxg5 Ke3 71. Kxh4
Kf2 72. Rg4 Ke3 73. Kh5 Rd5+ 74. Rg5 Rd8 75. Kg4 Rf8 76. h4 Kf2 77. Rf5 Rh8 78.
g3 Rg8+ 79. Kxf4 Rxg3 1-0

[Event "World Open"]
[Site "Philadelphia"]
[Date "2011.07.03"]
[Round "7"]
[White "Most, Eric"]
[Black "Ikeda, Junta"]
[Result "0-1"]
[WhiteElo "2129"]
[BlackElo "2315"]
[PlyCount "70"]
[EventDate "2011.06.??"]
[EventType "swiss"]
[EventRounds "9"]
[EventCountry "USA"]
[Source "MonRoi"]

1. e4 c5 2. Nf3 e6 3. d3 Nc6 4. g3 d5 5. Nbd2 Nf6 6. Bg2 g6 7. O-O Bg7 8. exd5
Nxd5 9. Nc4 O-O 10. c3 b6 11. Qe2 Bb7 12. Re1 Re8 13. h4 Qc7 14. h5 Rad8 15. h6
Bf8 16. Nfe5 f6 17. Ng4 Qf7 18. Nce3 f5 19. Nxd5 exd5 20. Bxd5 Qxd5 21. Nf6+
Kf7 22. Nxd5 Rxe2 23. Rxe2 Rxd5 24. Bf4 Rxd3 25. Ree1 Be7 26. Rad1 Ba6 27. Rxd3
Bxd3 28. Rd1 c4 29. b3 b5 30. bxc4 bxc4 31. Rd2 g5 32. Be3 Ba3 33. Bxg5 Ne5 34.
Kg2 Bc1 35. Rxd3 Nxd3 0-1

[Event "World Open"]
[Site "Philadelphia"]
[Date "2011.07.03"]
[Round "7"]
[White "Van Kooten, Luke"]
[Black "Jayakumar, Adarsh"]
[Result "1-0"]
[WhiteElo "2341"]
[BlackElo "2170"]
[PlyCount "105"]
[EventDate "2011.06.??"]
[EventType "swiss"]
[EventRounds "9"]
[EventCountry "USA"]
[Source "MonRoi"]

1. d4 d5 2. c4 c6 3. Nc3 Nf6 4. Nf3 e6 5. e3 Nbd7 6. Qc2 Bd6 7. b3 O-O 8. Be2
Qe7 9. O-O b6 10. Bb2 Bb7 11. Rad1 Rad8 12. Rfe1 Rfe8 13. e4 dxe4 14. Nxe4 Nxe4
15. Qxe4 Nf6 16. Qh4 c5 17. dxc5 Bxc5 18. Bd3 h6 19. Qg3 Ba3 20. Ba1 Bb4 21.
Re2 Nh5 22. Qg4 Nf6 23. Qh4 Bxf3 24. gxf3 Nh7 25. Qxe7 Bxe7 26. Bxh7+ Kxh7 27.
Red2 Rxd2 28. Rxd2 Rd8 29. Rxd8 Bxd8 30. b4 Kg6 31. Bd4 f6 32. b5 Kf5 33. Kf1
Bc7 34. h3 h5 35. a4 Kf4 36. Kg2 Kf5 37. Be3 Ke5 38. Kf1 f5 39. f4+ Ke4 40. Ke2
Bxf4 41. Bxf4 Kxf4 42. c5 Ke5 43. f4+ Kd5 44. c6 Kd6 45. h4 e5 46. fxe5+ Ke6
47. Kf3 Ke7 48. Kf4 Ke6 49. Kg5 g6 50. Kxg6 f4 51. c7 Kd7 52. e6+ Kxc7 53. e7
1-0

[Event "World Open"]
[Site "Philadelphia"]
[Date "2011.07.03"]
[Round "7"]
[White "Getz, Alec"]
[Black "Bodek, Michael"]
[Result "1/2-1/2"]
[WhiteElo "2292"]
[BlackElo "2180"]
[PlyCount "89"]
[EventDate "2011.06.??"]
[EventType "swiss"]
[EventRounds "9"]
[EventCountry "USA"]
[Source "MonRoi"]

1. Nf3 Nf6 2. c4 e6 3. Nc3 d5 4. d4 dxc4 5. Qa4+ Nbd7 6. e4 a6 7. Bxc4 Rb8 8.
Qd1 b5 9. Bd3 Bb7 10. e5 Nd5 11. Ne4 c5 12. Bg5 Qb6 13. dxc5 Nxc5 14. Nxc5 Bxc5
15. O-O h6 16. Bd2 Nb4 17. Bxb4 Bxb4 18. Qe2 Bxf3 19. Qxf3 Be7 20. Qe4 Qb7 21.
Qxb7 Rxb7 22. Be4 Rc7 23. Rac1 Kd8 24. Rfd1+ Kc8 25. Kf1 Rd8 26. Rxc7+ Kxc7 27.
Rc1+ Kb8 28. Rc6 Rd2 29. Rb6+ Kc8 30. Rxa6 Rxb2 31. Ra8+ Kc7 32. Ra7+ Kd8 33.
Ra8+ Kc7 34. Ra7+ Kd8 35. Bc6 Rxf2+ 36. Kxf2 Bc5+ 37. Kf3 Bxa7 38. Bxb5 Bd4 39.
Ke4 Bc3 40. Be2 f5+ 41. exf6 Bxf6 42. a4 Kc7 43. a5 Kb7 44. Bc4 Ka7 45. h3
1/2-1/2

[Event "World Open"]
[Site "Philadelphia"]
[Date "2011.07.04"]
[Round "8"]
[White "Kacheishvili, Giorgi"]
[Black "Kekelidze, Mikheil"]
[Result "1-0"]
[WhiteElo "2582"]
[BlackElo "2452"]
[PlyCount "65"]
[EventDate "2011.06.??"]
[EventType "swiss"]
[EventRounds "9"]
[EventCountry "USA"]
[Source "MonRoi"]

1. d4 e6 2. c4 Bb4+ 3. Nc3 Ne7 4. e3 c5 5. Bd3 Nbc6 6. Nf3 d5 7. O-O O-O 8. a3
Bxc3 9. bxc3 Na5 10. cxd5 exd5 11. dxc5 Qc7 12. a4 Qxc5 13. Ba3 Qc7 14. Nd4 Be6
15. f4 Rfe8 16. Qh5 g6 17. Qg5 Qd8 18. Qh6 Nf5 19. Bxf5 Bxf5 20. Rf3 f6 21.
Nxf5 gxf5 22. Rg3+ Kf7 23. Rg7+ Ke6 24. Qxh7 Nc4 25. Rxb7 Nxa3 26. Qf7+ Kd6 27.
Rd1 Kc5 28. Rd7 Qb8 29. Qxd5+ Kb6 30. Rd6+ Kc7 31. Rc6+ Kb7 32. Rb1+ Nxb1 33.
Qb5# 1-0

[Event "World Open"]
[Site "Philadelphia"]
[Date "2011.07.04"]
[Round "8"]
[White "Krush, Irina"]
[Black "Gelashvili, Tamaz"]
[Result "0-1"]
[WhiteElo "2487"]
[BlackElo "2616"]
[PlyCount "129"]
[EventDate "2011.06.??"]
[EventType "swiss"]
[EventRounds "9"]
[EventCountry "USA"]
[Source "MonRoi"]

1. d4 d6 2. c4 e5 3. Nf3 e4 4. Ng5 f5 5. Nc3 Nf6 6. g3 c6 7. d5 h6 8. Nh3 g5 9.
Bg2 c5 10. f3 exf3 11. exf3 Bg7 12. Qe2+ Kf7 13. O-O Re8 14. Qc2 Na6 15. Bd2
Nc7 16. Rfe1 Bd7 17. Bf1 Kg8 18. Nf2 Rf8 19. Bd3 Nh5 20. a3 Rb8 21. Rab1 Be5
22. Kg2 Qf6 23. Ne2 Qf7 24. f4 gxf4 25. gxf4 Bg7 26. Nh1 b5 27. b3 Nxd5 28.
cxd5 Qxd5+ 29. Kf2 Nf6 30. Rg1 Ng4+ 31. Rxg4 fxg4 32. Be4 Qh5 33. Kg1 Bf5 34.
Nhg3 Bxe4 35. Qxe4 Qf7 36. f5 h5 37. Bg5 Rbe8 38. Qd3 c4 39. bxc4 bxc4 40. Qc2
Qd5 41. Rd1 Qc5+ 42. Kh1 Rf7 43. Nf4 Qxa3 44. f6 Re5 45. Nfxh5 Rxg5 46. fxg7
Qf3+ 47. Kg1 Qe3+ 48. Kh1 d5 49. Rb1 Qe5 50. Qe2 Rxh5 51. Nxh5 Qxh5 52. Rb8+
Kxg7 53. Qb2+ Rf6 54. Rg8+ Kxg8 55. Qxf6 Qf7 56. Qd8+ Kg7 57. Qg5+ Kh7 58. Qh4+
Kg6 59. Qxg4+ Kf6 60. h4 Ke5 61. h5 c3 62. h6 Qf1+ 63. Kh2 Qf2+ 64. Kh3 Qe3+
65. Qg3+ 0-1

[Event "World Open"]
[Site "Philadelphia"]
[Date "2011.07.04"]
[Round "8"]
[White "Bercys, Salvijus"]
[Black "Bluvshtein, Mark"]
[Result "1/2-1/2"]
[WhiteElo "2468"]
[BlackElo "2611"]
[PlyCount "119"]
[EventDate "2011.06.??"]
[EventType "swiss"]
[EventRounds "9"]
[EventCountry "USA"]
[Source "MonRoi"]

1. d4 Nf6 2. c4 e6 3. Nf3 c5 4. d5 exd5 5. cxd5 d6 6. Nc3 g6 7. Nd2 Bg7 8. Nc4
O-O 9. Bf4 Ne8 10. Qd2 b6 11. a4 Ba6 12. Nb5 Bxb5 13. axb5 Nd7 14. e3 Ne5 15.
Bxe5 Bxe5 16. Be2 Bg7 17. O-O Nc7 18. Na3 Re8 19. Ra2 Re4 20. Bc4 h5 21. Qd3
Re5 22. Nb1 Ne8 23. Nd2 Nf6 24. Rfa1 Re7 25. h3 Qe8 26. Qb3 g5 27. Be2 g4 28.
hxg4 hxg4 29. g3 Qd7 30. Ra4 Qf5 31. Qd1 Qxd5 32. Nc4 Qxd1+ 33. Rxd1 d5 34.
Nxb6 Rd8 35. Nc4 Rdd7 36. Na5 c4 37. b3 c3 38. Rc1 Ne4 39. Nc6 Re8 40. Bxg4 Rb7
41. Be2 Nd6 42. Rg4 Kf8 43. Rxg7 Kxg7 44. Rxc3 Nxb5 45. Rc5 a6 46. Na5 Rb6 47.
Rxd5 Nc3 48. Rd2 Nxe2+ 49. Rxe2 Rb5 50. Ra2 Rc8 51. Ra4 Rc2 52. g4 Rcc5 53. b4
Rc2 54. Nb3 Rb2 55. Nd4 Rb6 56. Kg2 R2xb4 57. Ra5 Kg6 58. Kg3 f6 59. Kf4 Rd6
60. f3 1/2-1/2

[Event "World Open"]
[Site "Philadelphia"]
[Date "2011.07.04"]
[Round "8"]
[White "Golod, Vitali"]
[Black "Hungaski, Robert"]
[Result "1-0"]
[WhiteElo "2592"]
[BlackElo "2464"]
[PlyCount "65"]
[EventDate "2011.06.??"]
[EventType "swiss"]
[EventRounds "9"]
[EventCountry "USA"]
[Source "MonRoi"]

1. d4 Nf6 2. c4 d6 3. Nc3 Nbd7 4. e4 e5 5. Nf3 g6 6. Be2 Bg7 7. O-O O-O 8. Qc2
Re8 9. Rd1 c6 10. d5 c5 11. Bg5 Qc7 12. a3 h6 13. Bd2 Nb8 14. b4 Na6 15. Rab1
b6 16. Qa4 Qe7 17. Ne1 Nd7 18. Qc6 Rb8 19. Nb5 Bf8 20. Nxa7 b5 21. cxb5 Bb7 22.
bxa6 Bxc6 23. Nxc6 Qh4 24. Nxb8 Rxb8 25. bxc5 Qxe4 26. Rxb8 Qxe2 27. a7 Qxd1
28. Ba5 Qa4 29. a8=Q Nxb8 30. c6 e4 31. c7 e3 32. cxb8=Q exf2+ 33. Kxf2 1-0

[Event "World Open"]
[Site "Philadelphia"]
[Date "2011.07.04"]
[Round "8"]
[White "Zapata, Alonso"]
[Black "Lenderman, Alex"]
[Result "0-1"]
[WhiteElo "2477"]
[BlackElo "2548"]
[PlyCount "120"]
[EventDate "2011.06.??"]
[EventType "swiss"]
[EventRounds "9"]
[EventCountry "USA"]
[Source "MonRoi"]

1. e4 c6 2. d4 d5 3. Nc3 dxe4 4. Nxe4 Bf5 5. Ng3 Bg6 6. h4 h6 7. Nf3 e6 8. h5
Bh7 9. Bd3 Bxd3 10. Qxd3 Nf6 11. Bf4 Bd6 12. Bxd6 Qxd6 13. Ne5 Nbd7 14. Nc4 Qd5
15. Ne3 Qa5+ 16. c3 O-O 17. Qe2 Rad8 18. O-O Qg5 19. Rad1 Nb6 20. c4 Qf4 21.
Qc2 Qh4 22. Qb3 Rd7 23. Qa3 Ra8 24. Qc5 Rad8 25. Qa5 Nc8 26. Rfe1 b6 27. Qa6
Nxh5 28. Nxh5 Qxh5 29. a4 Ne7 30. a5 Qxa5 31. Qxa5 bxa5 32. Ra1 Rxd4 33. Rxa5
R4d7 34. Rea1 Nc8 35. Rc5 Rc7 36. Ra6 Nb6 37. b4 Kf8 38. b5 Rdc8 39. g3 cxb5
40. Rxb5 Nxc4 41. Nxc4 Rxc4 42. Rxa7 R8c7 43. Rbb7 Rxb7 44. Rxb7 g5 45. Kg2 Kg7
46. Re7 h5 47. Ra7 Kg6 48. Ra8 f6 49. Ra5 h4 50. Rb5 hxg3 51. Kxg3 e5 52. Rb6
Rc3+ 53. Kg2 g4 54. Ra6 Kg5 55. Rb6 f5 56. Rb4 e4 57. Rb5 Kf4 58. Ra5 g3 59.
Ra2 gxf2 60. Rxf2+ Kg4 0-1

[Event "World Open"]
[Site "Philadelphia"]
[Date "2011.07.04"]
[Round "8"]
[White "Wang, Puchen"]
[Black "Sundararajan, Kidambi"]
[Result "1-0"]
[WhiteElo "2437"]
[BlackElo "2543"]
[PlyCount "79"]
[EventDate "2011.06.??"]
[EventType "swiss"]
[EventRounds "9"]
[EventCountry "USA"]
[Source "MonRoi"]

1. e4 c6 2. d4 d5 3. exd5 cxd5 4. c4 Nf6 5. Nc3 e6 6. Nf3 Bb4 7. Bd3 dxc4 8.
Bxc4 O-O 9. O-O b6 10. Bg5 Bb7 11. Qe2 Bxc3 12. bxc3 Nbd7 13. Bd3 Qc7 14. Rac1
Ng4 15. Be4 Rfe8 16. Rfe1 Bxe4 17. Qxe4 Ngf6 18. Qe2 Rac8 19. c4 h6 20. Bh4 Qf4
21. Qd3 Nh5 22. Qa3 Rc7 23. Be7 Rc6 24. h3 a5 25. d5 Rxc4 26. dxe6 fxe6 27. Bd6
e5 28. Qb3 b5 29. Rcd1 Qf7 30. Qxb5 Rc2 31. Bxe5 Nxe5 32. Rxe5 Rxe5 33. Qxe5
Rxa2 34. Rd8+ Kh7 35. Qe4+ g6 36. Qd4 Nf6 37. Ne5 Qe7 38. Ng4 Qe1+ 39. Kh2
Nxg4+ 40. hxg4 1-0

[Event "World Open"]
[Site "Philadelphia"]
[Date "2011.07.04"]
[Round "8"]
[White "Amanov, Mesgen"]
[Black "Holt, Conrad"]
[Result "1-0"]
[WhiteElo "2517"]
[BlackElo "2417"]
[PlyCount "163"]
[EventDate "2011.06.??"]
[EventType "swiss"]
[EventRounds "9"]
[EventCountry "USA"]
[Source "MonRoi"]

1. d4 d5 2. c4 c6 3. cxd5 cxd5 4. Nf3 Nf6 5. Nc3 Nc6 6. Bf4 Nh5 7. Bd2 e6 8. e3
Bd6 9. Ne5 g6 10. Be2 Nxe5 11. dxe5 Bxe5 12. Bxh5 gxh5 13. Qxh5 Bg7 14. O-O O-O
15. Rad1 f5 16. Ne2 Bxb2 17. f4 Qe8 18. Qg5+ Qg6 19. Qe7 Bf6 20. Qb4 b6 21. Rf3
Qf7 22. Rg3+ Kh8 23. Nd4 Bd7 24. Nf3 Rac8 25. Rc1 Qe7 26. Qb3 Rxc1+ 27. Bxc1
Rg8 28. Ba3 Qd8 29. Bb2 Rxg3 30. hxg3 Kg8 31. Bxf6 Qxf6 32. Qa3 Qf8 33. Qxa7
Qd8 34. Nd4 Kf8 35. Kh2 Kg8 36. Nf3 Be8 37. Qa3 h6 38. Ne5 Qc7 39. Qa8 Kf8 40.
a3 Ke7 41. Nf3 Kf7 42. Qa6 Kf8 43. Nd4 Kf7 44. Qa8 Qe7 45. Qc8 b5 46. Qa6 Kf6
47. Qa8 Kf7 48. Nf3 Kf8 49. Qc8 Kg7 50. Qc3+ Kg8 51. Ne5 Qd6 52. Kg1 Qe7 53.
Kf2 Qd6 54. Ke1 Qb6 55. Kd2 Qd6 56. Kc1 Qe7 57. Kb2 Qd6 58. Nf3 Qe7 59. Nd4 Kf7
60. Kb3 Qa7 61. Kb2 Qe7 62. Nb3 Kg6 63. Nc5 Kf7 64. Kb3 Kg6 65. Nd3 Kh7 66. Qc5
Qb7 67. Ne5 Bh5 68. Qd6 Qa7 69. Qd7+ Qxd7 70. Nxd7 Kg6 71. Kb4 Be2 72. Kc5 Kf7
73. Ne5+ Kf6 74. Kd6 Bf1 75. Nd7+ Kf7 76. Nc5 Bxg2 77. Nxe6 Kg6 78. Nd4 Kh5 79.
Nxf5 Be4 80. Ke5 Bd3 81. Ne7 Kg4 82. f5 1-0

[Event "World Open"]
[Site "Philadelphia"]
[Date "2011.07.04"]
[Round "8"]
[White "Kudrin, Sergey"]
[Black "Ly, Mouthun"]
[Result "1/2-1/2"]
[WhiteElo "2543"]
[BlackElo "2375"]
[PlyCount "82"]
[EventDate "2011.06.??"]
[EventType "swiss"]
[EventRounds "9"]
[EventCountry "USA"]
[Source "MonRoi"]

1. e4 c5 2. Nf3 d6 3. d4 cxd4 4. Nxd4 Nf6 5. Nc3 a6 6. a4 e5 7. Nf3 Qc7 8. Bg5
Nbd7 9. Nd2 h6 10. Be3 b6 11. Bc4 Bb7 12. Qf3 Be7 13. g4 Nc5 14. Bxc5 Qxc5 15.
h4 d5 16. exd5 Rd8 17. O-O-O Nxd5 18. g5 hxg5 19. Nce4 Qb4 20. hxg5 Rxh1 21.
Rxh1 Nf4 22. c3 Qxa4 23. Nf6+ gxf6 24. Qxb7 Qd7 25. Rh8+ Bf8 26. Qxd7+ Kxd7 27.
gxf6 b5 28. Bb3 Nd3+ 29. Kc2 Nxf2 30. Bxf7 e4 31. Bh5 Ke6 32. f7 Kf6 33. Rg8 a5
34. Nf1 b4 35. cxb4 axb4 36. Ne3 Ke5 37. Ng4+ Nxg4 38. Bxg4 Kf6 39. Bh5 e3 40.
Kb3 e2 41. Rg1 Rd1 1/2-1/2

[Event "World Open"]
[Site "Philadelphia"]
[Date "2011.07.04"]
[Round "8"]
[White "Yang, Darwin"]
[Black "Ikeda, Junta"]
[Result "1-0"]
[WhiteElo "2434"]
[BlackElo "2315"]
[PlyCount "99"]
[EventDate "2011.06.??"]
[EventType "swiss"]
[EventRounds "9"]
[EventCountry "USA"]
[Source "MonRoi"]

1. d4 Nf6 2. c4 e6 3. Nc3 Bb4 4. e3 b6 5. Nge2 O-O 6. a3 Be7 7. e4 d6 8. Ng3
Re8 9. Be2 Bf8 10. O-O Nbd7 11. Qc2 e5 12. d5 a5 13. Rb1 g6 14. b4 h5 15. Rd1
Nh7 16. Be3 Ndf6 17. c5 axb4 18. axb4 bxc5 19. bxc5 dxc5 20. Na4 h4 21. Nf1 h3
22. g3 Ng4 23. Bxc5 Bd7 24. Nb2 f5 25. d6 Ngf6 26. exf5 Bxf5 27. Bd3 e4 28.
Bc4+ Kg7 29. dxc7 Qxc7 30. Bxf8+ Rxf8 31. Ne3 Qe5 32. Be2 Rac8 33. Nbc4 Qe6 34.
Rb7+ Rf7 35. Qb2 Rxb7 36. Qxb7+ Kh6 37. Nd6 Rf8 38. Bc4 Qe5 39. Nf7+ Rxf7 40.
Qxf7 Ng5 41. Qf8+ Kh5 42. Qh8+ Ngh7 43. Bg8 Qb8 44. Nd5 Kg4 45. Nxf6+ Nxf6 46.
Qxf6 Qxg8 47. Qh4+ Kf3 48. Qf4+ Ke2 49. Rd2+ Ke1 50. Qe3# 1-0

[Event "World Open"]
[Site "Philadelphia"]
[Date "2011.07.04"]
[Round "8"]
[White "Rosen, Eric"]
[Black "Mulyar, Michael"]
[Result "0-1"]
[WhiteElo "2216"]
[BlackElo "2399"]
[PlyCount "126"]
[EventDate "2011.06.??"]
[EventType "swiss"]
[EventRounds "9"]
[EventCountry "USA"]
[Source "MonRoi"]

1. c4 e5 2. Nc3 Nc6 3. g3 g6 4. Bg2 Bg7 5. e3 f5 6. Nge2 Nf6 7. O-O O-O 8. Rb1
a5 9. a3 d6 10. b4 axb4 11. axb4 Ne7 12. d4 c6 13. Qb3 Be6 14. b5 e4 15. Ba3
Bf7 16. Qb4 Nc8 17. Ra1 Qc7 18. Rfb1 Rd8 19. Bf1 Bf8 20. Nc1 c5 21. b6 Qe7 22.
Qb3 Ra6 23. dxc5 dxc5 24. Bxc5 Qxc5 25. Rxa6 bxa6 26. b7 Nd7 27. Qa4 Ncb6 28.
Qxa6 Bxc4 29. Bxc4+ Qxc4 30. Rxb6 Nxb6 31. Qxb6 Rb8 32. N1e2 Qf7 33. Nf4 Qxb7
34. Qe6+ Qf7 35. Qa6 Bg7 36. Qd6 Re8 37. Ncd5 Be5 38. Qc6 g5 39. Ne2 Rd8 40.
Nec3 Kg7 41. Qc5 Qe6 42. Kg2 Rc8 43. Qa5 Kh6 44. Qb4 Qc6 45. Ne7 Qxc3 46. Qb6+
Kg7 47. Qe6 Rf8 48. Nxf5+ Kh8 49. Nh6 Qc7 50. g4 Bg7 51. Nf5 Qe5 52. Qd7 Qf6
53. h3 Qe5 54. Nd6 Qd5 55. Qe7 h6 56. Nxe4 Qc6 57. f3 Qc2+ 58. Nf2 Rb8 59. h4
Rb2 60. Kh3 gxh4 61. f4 Kh7 62. Qd7 Qb1 63. e4 Qf1+ 0-1

[Event "World Open"]
[Site "Philadelphia"]
[Date "2011.07.04"]
[Round "8"]
[White "Sarkar, Justin"]
[Black "Plotkin, Victor"]
[Result "0-1"]
[WhiteElo "2385"]
[BlackElo "2243"]
[PlyCount "68"]
[EventDate "2011.06.??"]
[EventType "swiss"]
[EventRounds "9"]
[EventCountry "USA"]
[Source "MonRoi"]

1. d4 Nf6 2. c4 e6 3. Nc3 d5 4. cxd5 exd5 5. Bg5 c6 6. Qc2 Be7 7. e3 Nbd7 8.
Bd3 Nf8 9. Nf3 Ne6 10. Bxf6 Bxf6 11. O-O h5 12. b4 g5 13. Qb3 g4 14. Nd2 h4 15.
b5 g3 16. bxc6 bxc6 17. Nf3 gxh2+ 18. Nxh2 Rg8 19. Kh1 Qd6 20. Rab1 Be7 21. Nf3
Ng7 22. Ne5 Nh5 23. Rfc1 Kf8 24. Ne2 Qf6 25. Rxc6 Qxf2 26. Qxd5 h3 27. Rg6
hxg2+ 28. Qxg2 Ng3+ 29. Rxg3 Rh8+ 30. Rh3 Rxh3+ 31. Qxh3 Bxh3 32. Nf4 Qxe3 33.
Nd5 Qxd4 34. Nxe7 Qxe5 0-1

[Event "World Open"]
[Site "Philadelphia"]
[Date "2011.07.04"]
[Round "8"]
[White "Smarty, Sylvester"]
[Black "Lee, Michael"]
[Result "0-1"]
[WhiteElo "2161"]
[BlackElo "2395"]
[PlyCount "70"]
[EventDate "2011.06.??"]
[EventType "swiss"]
[EventRounds "9"]
[EventCountry "USA"]
[Source "MonRoi"]

1. c4 Nf6 2. g3 g6 3. Bg2 Bg7 4. d4 O-O 5. e4 d6 6. Nc3 c5 7. Nge2 cxd4 8. Nxd4
Bd7 9. h3 Nc6 10. Be3 Rc8 11. b3 a6 12. Rc1 b5 13. cxb5 Nxd4 14. Bxd4 axb5 15.
O-O Qa5 16. Qd2 Bc6 17. Rfe1 e5 18. Be3 b4 19. Nd5 Nxd5 20. exd5 Bb7 21. Rc4
Rxc4 22. bxc4 e4 23. Bxe4 Bc3 24. Qe2 b3 25. Rc1 bxa2 26. Rxc3 a1=Q+ 27. Rc1
Qe5 28. Qd3 Re8 29. Bg2 Ba6 30. Bd4 Qf5 31. Qb3 Re1+ 32. Rxe1 Qxe1+ 33. Kh2
Qfb1 34. Qxb1 Qxb1 35. c5 Qb4 0-1

[Event "World Open"]
[Site "Philadelphia"]
[Date "2011.07.04"]
[Round "8"]
[White "Ni, Viktorija"]
[Black "Van Kooten, Luke"]
[Result "0-1"]
[WhiteElo "2178"]
[BlackElo "2341"]
[PlyCount "64"]
[EventDate "2011.06.??"]
[EventType "swiss"]
[EventRounds "9"]
[EventCountry "USA"]
[Source "MonRoi"]

1. d4 Nf6 2. c4 c6 3. Nf3 d5 4. e3 a6 5. b3 Bf5 6. Nbd2 e6 7. Be2 Bd6 8. O-O
Nbd7 9. Bb2 Ne4 10. Ne5 f6 11. Nxe4 Bxe4 12. f3 Bf5 13. Nd3 O-O 14. Nf2 Qb8 15.
f4 b5 16. cxd5 exd5 17. Rc1 Qb7 18. Bd3 Bxd3 19. Qxd3 Rfe8 20. g3 a5 21. e4
dxe4 22. Nxe4 Bf8 23. Qf3 Nb6 24. Nc5 Bxc5 25. dxc5 Nd5 26. Rfe1 Qd7 27. Qh5
Re7 28. Qf3 Rae8 29. Qf2 Nb4 30. Red1 Qf5 31. a3 Re2 32. Qf1 Nd3 0-1

[Event "World Open"]
[Site "Philadelphia"]
[Date "2011.07.04"]
[Round "8"]
[White "Homa, Seth"]
[Black "Sharevich, Anna"]
[Result "1/2-1/2"]
[WhiteElo "2275"]
[BlackElo "2344"]
[PlyCount "82"]
[EventDate "2011.06.??"]
[EventType "swiss"]
[EventRounds "9"]
[EventCountry "USA"]
[Source "MonRoi"]

1. e4 c5 2. Nf3 e6 3. d4 cxd4 4. Nxd4 a6 5. Nc3 Qc7 6. Bd3 Nc6 7. Be3 b5 8.
Nxc6 dxc6 9. O-O Nf6 10. a4 Bb7 11. f4 b4 12. Nb1 c5 13. Nd2 h5 14. Kh1 c4 15.
Nxc4 Nxe4 16. Qe2 h4 17. Bd4 Ng3+ 18. hxg3 hxg3+ 19. Kg1 Qd8 20. Nd6+ Qxd6 21.
c3 Qd8 22. Qg4 Rh2 23. Rf3 Qh4 24. Qxh4 Rxh4 25. Rxg3 Rxf4 26. Rf1 Rxf1+ 27.
Kxf1 bxc3 28. bxc3 f6 29. Bb6 Rc8 30. a5 Kd7 31. Be2 g5 32. Rh3 Be7 33. Rd3+
Bd6 34. Rh3 f5 35. Rh7+ Be7 36. Bd4 Kd6 37. c4 Be4 38. Bc3 Bd8 39. Bb4+ Ke5 40.
Bc3+ Kd6 41. Bb4+ Ke5 1/2-1/2

[Event "World Open"]
[Site "Philadelphia"]
[Date "2011.07.04"]
[Round "8"]
[White "Harmon-Vellotti, Luke"]
[Black "Sapozhnikov, Roman"]
[Result "1-0"]
[WhiteElo "2184"]
[BlackElo "2318"]
[PlyCount "107"]
[EventDate "2011.06.??"]
[EventType "swiss"]
[EventRounds "9"]
[EventCountry "USA"]
[Source "MonRoi"]

1. e4 c5 2. Nf3 d6 3. d4 cxd4 4. Nxd4 Nf6 5. Nc3 a6 6. Be3 e5 7. Nb3 Be6 8. f3
Be7 9. Qd2 O-O 10. O-O-O a5 11. Kb1 a4 12. Nc1 a3 13. b3 Nc6 14. Nd5 Bxd5 15.
exd5 Nb8 16. g4 Nbd7 17. h4 e4 18. g5 Nh5 19. f4 Ng3 20. Rg1 Nf5 21. Qf2 Qa5
22. Ne2 Bd8 23. Rh1 Bb6 24. Bxb6 Nxb6 25. Bh3 Nxd5 26. Bxf5 e3 27. Qe1 Qc5 28.
Be4 Nxf4 29. Nxf4 Qe5 30. Bxh7+ Kxh7 31. Nd3 Qe4 32. Qb4 Rfe8 33. Qxe4+ Rxe4
34. Nc1 e2 35. Rde1 Rae8 36. Rh2 Kg6 37. Rexe2 Rxe2 38. Nxe2 Re3 39. Kc1 Rf3
40. Kd2 Rf1 41. c4 Rb1 42. Nf4+ Kf5 43. Nd3 Kg4 44. Rf2 Kxh4 45. Rxf7 g6 46.
Rxb7 Kxg5 47. Ra7 Kh4 48. Rxa3 g5 49. Ra6 Rg1 50. a4 g4 51. Rxd6 g3 52. Rg6 Ra1
53. Kc3 Kh3 54. c5 1-0

[Event "World Open"]
[Site "Philadelphia"]
[Date "2011.07.04"]
[Round "8"]
[White "Most, Eric"]
[Black "Getz, Alec"]
[Result "0-1"]
[WhiteElo "2129"]
[BlackElo "2292"]
[PlyCount "128"]
[EventDate "2011.06.??"]
[EventType "swiss"]
[EventRounds "9"]
[EventCountry "USA"]
[Source "MonRoi"]

1. e4 c5 2. Nf3 Nc6 3. d4 cxd4 4. Nxd4 Nf6 5. Nc3 d6 6. Bg5 Qb6 7. Bxf6 gxf6 8.
Nb3 Bd7 9. Qd2 e6 10. Be2 O-O-O 11. f4 h5 12. O-O-O h4 13. Rhg1 a6 14. Kb1 Be7
15. Bf3 Kb8 16. Rge1 Na5 17. Nxa5 Qxa5 18. Qf2 Rc8 19. Rd3 Rc4 20. Qd2 Bc6 21.
e5 fxe5 22. Bxc6 Rxc6 23. fxe5 dxe5 24. Qe2 f6 25. Qg4 Bb4 26. Ree3 Qb6 27. a4
Rhc8 28. Ka2 Rc4 29. Qg7 Bxc3 30. Rxc3 Rxa4+ 31. Ra3 Rxc2 32. Qf8+ Ka7 33. Reb3
Rxa3+ 34. Qxa3 Qc5 35. Qa4 Rc4 36. Qd7 Qc6 37. Qe7 Ra4+ 38. Ra3 Qc4+ 39. Kb1
Rxa3 40. Qxa3 f5 41. Qe3+ Qd4 42. Qh6 Qg1+ 43. Ka2 Qxg2 44. Qxe6 Qxh2 45. Qxf5
Qf4 46. Qd7 Qd4 47. Qh7 a5 48. Qh5 Kb6 49. Qh8 Qc4+ 50. Ka1 Qa4+ 51. Kb1 Qd1+
52. Ka2 Qd4 53. Kb1 a4 54. Ka2 Qd5+ 55. Kb1 h3 56. Qf6+ Ka7 57. Qh4 Qd1+ 58.
Ka2 Qb3+ 59. Ka1 a3 60. Qf2+ b6 61. bxa3 Qxa3+ 62. Kb1 Qb3+ 63. Ka1 Qd1+ 64.
Ka2 Qd5+ 0-1